El pasado cambiante: historiografía y capitalismo siglos XIX y XX

Guardat en:
Dades bibliogràfiques
Autor principal: Gómez Herráez, José M (Autor)
Format: Llibre
Idioma:espanyol
Publicat: Valencia Universidad de Valencia 2007
Matèries:
Etiquetes: Afegir etiqueta
Sense etiquetes, Sigues el primer a etiquetar aquest registre!

MARC

LEADER 00000nam a2200000 a 4500
001 UCI3173
003 CL-VaPUC
008 071012e20070000SP |||||||||||||||||spa|d
020 |a 9788437066509 
082 0 4 |a 940.1  |b GOM  |2 21 
100 0 |a Gómez Herráez, José M  |e author  |9 524600 
245 1 3 |a El pasado cambiante: historiografía y capitalismo siglos XIX y XX 
300 |a 375 p 
942 |c BK 
945 |d 20071012 00:00:00  |a jtorresc 
260 |a Valencia  |b Universidad de Valencia  |c 2007 
650 7 |a FEUDALISMO EUROPEO  |2 CL-VaPUC  |9 365294 
650 0 |a Clases sociales  |9 256858 
650 0 |a Estructuras  |9 271908 
650 0 |a Capitalismo  |9 255255 
650 7 |a SIGLOS 13-14  |2 CL-VaPUC  |9 344543 
583 |a last modification  |c 20071012 00:00:00  |k Rodrigo Vera 
999 |c 327545  |d 327543 
952 |0 0  |1 0  |4 0  |6 940_100000000000000_GOM_2007  |7 0  |8 A  |9 410513  |a BIBHIS  |b BIBHIS  |d 2019-11-22  |i 4377281  |o 940.1 GOM 2007  |p 4377281  |r 2025-01-20  |w 2019-11-22  |y BK  |k HIS 
952 |0 0  |1 0  |4 0  |6 940_100000000000000_GOM_2007  |7 0  |8 A  |9 410514  |a BIBHIS  |b BIBHIS  |d 2019-11-22  |i 4396685  |o 940.1 GOM 2007  |p 4396685  |r 2025-01-20  |w 2019-11-22  |y BK  |k HIS